Southville International School and Colleges
Your cart is empty.
  • Cart
  • Lists
    Public lists Eva Luna New books Lux_list list_1
    Your lists Log in to create your own lists
  • Log in to your account
  • Your cookies
  • Search history
Southville International School and Colleges
  • Advanced search
  • Recent comments
  • Most popular
  • Libraries

Log in to your account

Log in with GOOGLE


If you do not have an external account, but do have a local account, you can still log in:

  1. Home
  2. MARC view: Adsorption capacity of human hair, rice hull and corn silk as an oil spill recovery agent /
Normal view MARC view ISBD view

Adsorption capacity of human hair, rice hull and corn silk as an oil spill recovery agent / (Record no. 97976)

[ view plain ]
MARC details
000 -LEADER
fixed length control field 00868nam a2200229 a 4500
003 - CONTROL NUMBER IDENTIFIER
control field 0
005 - DATE AND TIME OF LATEST TRANSACTION
control field 20250314082340.0
008 - FIXED-LENGTH DATA ELEMENTS--GENERAL INFORMATION
fixed length control field 080526s19uu xx 00 eng d
050 ## - LIBRARY OF CONGRESS CALL NUMBER
Classification number PGS TP 245.S73
Item number .M291 2007
100 ## - MAIN ENTRY--PERSONAL NAME
Personal name Mante, Elaine Lhel G.
245 ## - TITLE STATEMENT
Title Adsorption capacity of human hair, rice hull and corn silk as an oil spill recovery agent /
Statement of responsibility, etc Elaine Lhel G. Mante.
260 ## - PUBLICATION, DISTRIBUTION, ETC. (IMPRINT)
Place of publication, distribution, etc Las Piñas City, Philippines :
Name of publisher, distributor, etc Southville International School and Colleges,
Date of publication, distribution, etc 2007.
300 ## - PHYSICAL DESCRIPTION
Extent 27 pages :
Other physical details illustrations ;
Dimensions 28 cm.
504 ## - BIBLIOGRAPHY, ETC. NOTE
Bibliography, etc Includes bibliographical references.
650 ## - SUBJECT ADDED ENTRY--TOPICAL TERM
Topical term or geographic name as entry element Oil spills
Form subdivision Environmental aspects.
650 ## - SUBJECT ADDED ENTRY--TOPICAL TERM
Topical term or geographic name as entry element Oil spills
Form subdivision Cleanup.
650 ## - SUBJECT ADDED ENTRY--TOPICAL TERM
Topical term or geographic name as entry element Adsorption.
650 ## - SUBJECT ADDED ENTRY--TOPICAL TERM
Topical term or geographic name as entry element Sorbents.
650 ## - SUBJECT ADDED ENTRY--TOPICAL TERM
Topical term or geographic name as entry element Natural sorbents
Form subdivision Environmental applications.
650 ## - SUBJECT ADDED ENTRY--TOPICAL TERM
Topical term or geographic name as entry element Biodegradable materials for oil spill recovery.
942 ## - ADDED ENTRY ELEMENTS (KOHA)
Source of classification or shelving scheme Library of Congress Classification
Koha item type PASS
Holdings
Withdrawn status Lost status Source of classification or shelving scheme Damaged status Home library Current library Shelving location Date acquired Source of acquisition Total Checkouts Full call number Barcode Date last seen Price effective from Koha item type
    Library of Congress Classification   Luxembourg Library Luxembourg Library Portfolio Assessment of SISC Students Section 05/26/2008 Donation   PGS TP 245.S73 .M291 2007 P2069 04/08/2014 04/08/2014 PASS

Adsorption capacity of human hair, rice hull and corn silk as an oil spill recovery agent /

APA

Mante E. L. G., . (2007). Adsorption capacity of human hair, rice hull and corn silk as an oil spill recovery agent. Las Piñas City, Philippines: Southville International School and Colleges.

Chicago

Mante Elaine Lhel G, . 2007. Adsorption capacity of human hair, rice hull and corn silk as an oil spill recovery agent. Las Piñas City, Philippines: Southville International School and Colleges.

Harvard

Mante E. L. G., . (2007). Adsorption capacity of human hair, rice hull and corn silk as an oil spill recovery agent. Las Piñas City, Philippines: Southville International School and Colleges.

MLA

Mante Elaine Lhel G, . Adsorption capacity of human hair, rice hull and corn silk as an oil spill recovery agent. Las Piñas City, Philippines: Southville International School and Colleges. 2007.

  • Print
  • Cite
  • Add to your cart (remove)
  • Save record
    BIBTEX Dublin Core MARCXML MARC (non-Unicode/MARC-8) MARC (Unicode/UTF-8) MARC (Unicode/UTF-8, Standard) MODS (XML) RIS
  • More searches
    Search for this title in:
    Other Libraries (WorldCat) Other Databases (Google Scholar) Online Stores (Bookfinder.com) Open Library (openlibrary.org)

Exporting to Dublin Core...

SOUTHVILLE LIBRARY

Southville International School and Colleges Library

1281 Tropical Ave. Cor. Luxembourg St., BF Homes International, Las Pinas City

Tel. No. 8256374 / 252358 Loc. 117/146

Powered by Koha